000 00571nam a2200193Ia 4500
005 20250326142035.0
008 250326s9999 xx 000 0 und d
020 _a81-7024-037-9
037 _aTextbook
040 _aFMSL
_beng
_cFMSL
041 _aeng
_2eng
084 _aX:74 M6
_qFMSL
100 _aSubramaniam P V Ed.
_9745466
245 0 _aProblem recognition in problem policy & business management
_cSubramaniam P V Ed.
260 _aNew Delhi
_bNew Delhi, Ashish
_c1986
300 _axii,211
942 _cTB
_hX:74 M6
999 _c1293162
_d1293162